000 00513nam a2200169Ia 4500
005 20250130163637.0
008 231217s9999 xx 000 0 und d
020 _a9788131414682
082 _a381.10973 RAO;1 R
100 _aRao, Janardhan N ed. Sirodiya, Amit, Singh.
245 0 _aUS subprime market : evolution, growth and crisis
250 _a1st ed.
260 _c2008
_bIcfai University press
_aHyderabad
300 _axiii, 209
650 _asubprime,market,evolution,,growth,crisis
942 _cAA
999 _c185252
_d185252